000 00701nam a2200289Ia 4500
005 20260324132151.0
008 008 260324s9999 xx 000 0 eng d
020 _a9781032682396
037 _aEBOOK
040 _aCRL
040 _beng
040 _cCRL
041 _2eng
041 _aeng
084 _qCRL
100 _aMatt Copeland
_91188270
245 0 _aSocratic Circles
245 0 _bFostering Critical and Creative Thinking in Middle and High School
260 _bTaylor and Francis
260 _c2005
365 _a
365 _b120
856 _uhttp://www.taylorfrancis.com/books/9781032682396
942 _cEBOOK
999 _c1786121
_d1786121